000 00785nam a2200217 4500
001 132662
003 ES-MaACL
005 20230906194225.0
007 t|
008 070214s1966 sp r ||||1| spa d
100 1 _aRomañá Pujó, Antonio.
_999273
245 1 0 _aIdea sobre el estado actual de la Cosmología /
_cAntonio Romañá Pujó.
260 _aTortosa :
_b[s.n.],
_c1966 (
_fImp. Sugrañes)
300 _a228 p. ;
_c25 cm.
490 1 _aPublicaciones del observatorio del Ebro
500 _aPrecede al Tit : Consejo Superior de Investigaciones Científicas.
710 2 _aConsejo Superior de Investigaciones Científicas (España)
_93236
830 0 _aPublicaciones del observatorio del Ebro
_9219666
852 _aES-MaACL
_jC-32252
_bR.62913
999 _c132662
_d132662